000 00618nam a22002057a 4500
005 20251108173156.0
008 250721s9999 xx 000 0 ara d
082 1 4 _aط/ق/ديب
100 1 _aديب، ماري الطويل
245 1 0 _aأريد أما جديدة /
264 1 _aبيروت :
_bأصالة للطباعة والنشر،
300 _a15ص.
490 0 _aكتابي
650 1 7 _aالقصص العربية
650 1 7 _aأدب الأطفال
653 _aأطفال مرحلة متوسطة (6-9) سنوات
700 1 _aيتيم، حسن
_eرسام
942 _2ddc
_cBK
999 _c97780
_d97780